000 nam a22 a 4500
999 _c2327
_d2327
003 AKMAL
005 20170516095222.0
008 170516s1998 my 00 may d
020 _a9839045873 (kkt.) :
_cRM 9.00
039 9 _a200609221710
_bhidayah
_c200608221414
_dhidayah
040 _aAKMAL
082 0 4 _a398.20956 AHM
_221
090 0 0 _a398.20956
_bAHM
100 1 _aBahjat, Ahmad
_94857
245 1 0 _aDialog binatang dengan para nabi /
_cAhmad Bahjat ; penterjemah: Rusli Haji Ibrahim
260 _aKuala Lumpur :
_bJasmin Enterprise,
_c1998
300 0 0 _avi, 184ms. ;
_c21cm.
650 0 _aIslamic stories, Malay
_91556
650 0 _aDidactic fiction, Malay
_91932
700 0 _aRusli Hj. Ibrahim,
_etr.
_94858
942 _2ddc
_cBOOK